| 000 | 02540 a2200349 4500 | ||
|---|---|---|---|
| 003 | Nust | ||
| 005 | 20170207165831.0 | ||
| 020 | _a9781402092008 | ||
| 035 | _a(EBZ)ebs459406e | ||
| 035 | _a(WaSeSS)ssj0000199311 | ||
| 035 | _a(WaSeSS)ssj0000199311 | ||
| 035 | _a(WaSeSS)ssj0000199311 | ||
| 040 | _cNust | ||
| 082 | 0 | 4 | _a620.112 |
| 100 | 1 | _aFerreira, A. J. M. | |
| 245 | 1 | 0 |
_aMATLAB Codes for Finite Element Analysis (E-BOOK) _h[electronic resource] : _bSolids and Structures / _cby A. J. M. Ferreira ; edited by G. M. L. Gladwell. |
| 260 |
_aDordrecht : _bSpringer Netherlands, _c2009. |
||
| 300 | _bv.: digital | ||
| 440 | 0 |
_aSolid Mechanics and its Applications, _v157 |
|
| 650 | 7 | _aTelecommunications Engineering (E Book) | |
| 700 | 1 | _aGladwell, G. M. L. | |
| 710 | 2 | _aSpringerLink (Online service) | |
| 856 | 4 | 2 | _uhttp://costello.pub.hb.se/login?url=http://link.springer.com/openurl?genre=book&isbn=978-1-4020-9199-5 |
| 856 | 4 | 2 | _uhttp://dx.doi.org/10.1007/978-1-4020-9200-8 |
| 856 | 4 | 2 | _uhttp://ezproxy.its.uu.se/login?url=http://link.springer.com/openurl?genre=book&isbn=978-1-4020-9199-5 |
| 856 | 4 | 2 | _uhttp://link.sub.su.se/sfxsub?url_ver=Z39.88-2004&ctx_ver=Z39.88-2004&ctx_enc=info:ofi/enc:UTF-8&rfr_id=info:sid/sfxit.com:opac_856&url_ctx_fmt=info:ofi/fmt:kev:mtx:ctx&sfx.ignore_date_threshold=1&rft.object_id=1000000000546152&svc_val_fmt=info:ofi/fmt:kev:mtx:sch_svc& |
| 856 | 4 | 2 | _uhttp://proxy.lib.chalmers.se/login?url=http://link.springer.com/openurl?genre=book&isbn=978-1-4020-9199-5 |
| 856 | 4 | 2 | _uhttp://proxy.lib.ltu.se/login?url=http://link.springer.com/openurl?genre=book&isbn=978-1-4020-9199-5 |
| 856 | 4 | 2 | _uhttp://sfxeu05.hosted.exlibrisgroup.com/46LUB?url_ver=Z39.88-2004&ctx_ver=Z39.88-2004&ctx_enc=info:ofi/enc:UTF-8&rfr_id=info:sid/sfxit.com:opac_856&url_ctx_fmt=info:ofi/fmt:kev:mtx:ctx&sfx.ignore_date_threshold=1&rft.object_id=1000000000546152&svc_val_fmt=info:ofi/fmt:kev:mtx:sch_svc& |
| 856 | 4 | 2 | _uhttp://sfxeu10.hosted.exlibrisgroup.com/sfxkth?url_ver=Z39.88-2004&ctx_ver=Z39.88-2004&ctx_enc=info:ofi/enc:UTF-8&rfr_id=info:sid/sfxit.com:opac_856&url_ctx_fmt=info:ofi/fmt:kev:mtx:ctx&sfx.ignore_date_threshold=1&rft.object_id=1000000000546152&svc_val_fmt=info:ofi/fmt:kev:mtx:sch_svc& |
| 856 | 4 | 2 | _uhttp://sfxeu11.hosted.exlibrisgroup.com/mah?url_ver=Z39.88-2004&ctx_ver=Z39.88-2004&ctx_enc=info:ofi/enc:UTF-8&rfr_id=info:sid/sfxit.com:opac_856&url_ctx_fmt=info:ofi/fmt:kev:mtx:ctx&sfx.ignore_date_threshold=1&rft.object_id=1000000000546152&svc_val_fmt=info:ofi/fmt:kev:mtx:sch_svc& |
| 942 |
_2ddc _cBK |
||
| 999 |
_c213278 _d213278 |
||